000 00531nam a2200205Ia 4500
003 OSt
005 20251209124215.0
008 250729s2005 xx 000 0 und d
020 _a13: 5551234104757
040 _cAL
041 _akan
082 _a000 JOSK
100 _aಜೋಶಿ ಗುರುನಾಥ
_9226310
245 _aಕನ್ನಡ-ಕನ್ನಡ ಶಬ್ಧಕೋಶ
260 _aಗದಗ
_c2005
300 _a698p
650 _aKannada
_9226311
700 _aRao Digumurthi
_9226312
942 _2ddc
_cBED
999 _c237254
_d237254